000 00630cam a22002053a 4500
001 41778
003 PGUSA
005 20140828083937.0
008 130104s2013||||xxu|||||s|||||000 | eng d
040 _aPGUSA
_beng
042 _adc
100 1 _aWilbert, M. I.
245 1 0 _aEpitome of the Pharmacopeia of the United States and the National Formulary :
_bWith Comments
_h[electronic resource] /
_cM. I. Wilbert
260 _bProject Gutenberg,
_c2013
506 _aPublic domain in the USA.
516 _aElectronic text
830 0 _aProject Gutenberg
_v41778
856 4 0 _uhttp://www.gutenberg.org/ebooks/41778
942 _cEB
999 _c271030
_d271030